Sports Quiz

Random Sports Quiz

Tottenham's most expensive signings Quiz Stats

 Plays Quiz not verified by Sporcle

Support Sporcle.
Go Orange.
Score 0/25 Timer 10:00
0 Plays Today
Season Brought Player % Correct
2008/2009Luka Modric
90.1%
2008/2009David Bentley
81.6%
2007/2008Darren Bent
81.3%
2003/2004Jermain Defoe
80%
2007/2008Gareth Bale
79.3%
2002/2003Robbie Keane
77.5%
2000/2001Sergiy Rebrov
76.7%
2006/2007Dimitar Berbatov
75.3%
2008/2009Jermain Defoe
70.1%
2012/2013Hugo Lloris
66.5%
2008/2009Robbie Keane
64.2%
2012/2013Moussa Dembele
63.5%
2009/2010Peter Crouch
63.3%
Season Brought Player % Correct
2008/2009Wilson Palacios
62%
2008/2009Roman Pavlyuchenko
61.9%
2012/2013Jan Vertonghen
57.8%
2007/2008Younes Kaboul
48.7%
2005/2006Jermaine Jenas
44%
2010/2011Sandro
36.7%
2012/2013Gylfi Sigurdsson
34.2%
2008/2009Vedran Corluka
29.5%
2007/2008Alan Hutton
27.3%
2001/2002(R.I.P) Dean Richards
25.5%
2007/2008Johnathon Woodgate
25.5%
2006/2007Didier Zakora
5.1%

You're not logged in!

Compare scores with friends on all Sporcle quizzes.
OR
Log In
Forgot?
Remove Ads.
Support Sporcle.
Get the best of Sporcle when you Go Orange. This ad-free experience offers more features, more stats, and more fun while also helping to support Sporcle. Thank you for becoming a member.

Show Comments

Extras

Created Feb 16, 2011SourceReportNominate
Tags:Tottenham Hotspur

Top Quizzes Today


Score Distribution

Your Account Isn't Verified!

In order to create a playlist on Sporcle, you need to verify the email address you used during registration. Go to your Sporcle Settings to finish the process.

Report this User

Report this user for behavior that violates our Community Guidelines.

Details: